| 000 | 01085cam a22002655i 4500 | ||
|---|---|---|---|
| 003 | EG-ScBUE | ||
| 005 | 20250326101620.0 | ||
| 008 | 150819s2005 ii a f 001 0 eng d | ||
| 020 | _a8121904315 | ||
| 020 | _a9788121904315 | ||
| 040 |
_aEG-ScBUE _beng _erda _cEG-ScBUE _dEG-ScBUE |
||
| 082 | 0 | 4 |
_a519.5 _bPIL _222 |
| 100 | 1 |
_aPillai, R. S. N., _eauthor. |
|
| 245 | 1 | 0 |
_aStatistics : _btheory and practice for B.Com., M.Com., B.A., M.A. (Ecos.), C.A., I.C.W.A. and other courses / _cR. S. N. Pillai, M.A., M.Com., LL.B., prof. and H.O.D. of commerce, Arignar Anna College, Aramboly, Kanyakumari, V. Bagavathi, M.A., M.Com. |
| 264 | 1 |
_aRam Nagar, New Delhi : _bS. Chand & Company Ltd., _c2005. |
|
| 300 |
_aix, 868 pages : _billustrations ; _c24 cm |
||
| 336 |
_2rdacontent _atext _btxt |
||
| 337 |
_aunmediated _2rdamedia _bn |
||
| 338 |
_avolume _bnc _2rdacarrier |
||
| 521 | _aFor B.Com., M.Com., B.A., M.A. (Ecos.), C.A., I.C.W.A. and other courses. | ||
| 650 | 7 |
_aMathematical statistics. _2BUEsh |
|
| 655 | _vReading book | ||
| 700 | 1 |
_aBagavathi, V., _eauthor. |
|
| 942 |
_cBB _2ddc |
||
| 999 |
_c1286 _d1286 |
||